00741nam a2200229Ia 4500003000400000005001700004008004100021020001400062040000700076041000800083082001800091100004100109245006200150260004500212300001500257365000800272650002400280906006600304942001200370999001900382952011000401OSt20230429122831.0210423s1992 xx 000 0 und d a750615079 cAL aeng a574.1925 VANH aVAN DEN AKKER (H E A);others.995297 aBioprocess technology: modelling and transport phenomena. aOxfordbCambridge University Pressc1992 axi,335bPB cINR aBiochemistry995298 aBioprocess ; modelling ; phenomena. ; technology: ; transport 2ddccBK c162820d162820 001040708BTaSACPGbSACPGd2003-05-14l0o574.1925 VANHpPG009314r2022-08-24 00:00:00w2021-04-26yBK